00494cam a22002051 4500001001300000003000400013005001700017008004100034010001700075035002000092040001800112042001200130050002100142100001700163245002900180260002500209300001900234500001800253999001700271sa 68001354 DLC20260227112432.0891009s1966 ii 000 0 malo  asa 68001354  a(OCoLC)20459086 aDLCcWaUdDLC apremarc00aPL4718.9.D45bP81 aDevan, N. V.10aPutiya pr̲akāśaṃ. aKunnamkulam,c[1966] a190 p.c18 cm. aIn Malayalam. c77884d77884